Normal view
MARC view
- الصلاة على النبي صلى الله عليه وسلم- الحديث- دفع مطاعن
Entry Topical Term
001 - CONTROL NUMBER
- control field: 56368
003 - CONTROL NUMBER IDENTIFIER
- control field: JO-AjAnu
005 - DATE AND TIME OF LATEST TRANSACTION
- control field: 20230606083234.0
008 - FIXED-LENGTH DATA ELEMENTS
- fixed length control field: 230606|| aca||aabn | a|a d
040 ## - CATALOGING SOURCE
- Original cataloging agency: JO-AjAnu
- Transcribing agency: JO-AjAnu
150 ## - HEADING--TOPICAL TERM
- Topical term or geographic name entry element: الصلاة على النبي صلى الله عليه وسلم- الحديث- دفع مطاعن
670 ## - SOURCE DATA FOUND
- Source citation: Work cat.: (JO-AjAnu)28764: الأزدي، إسماعيل بن إسحاق ؛ بقلم: أسعد سالم تيم, author 56367, بيان أوهام الألباني في تحقيقه لكتاب فضل الصلاة على النبي صلى الله عليه وسلم ويليه تخريج حديث أوس الثقفي